KYKY2BONDY Hamza - Statistiques

Statistiques générales
  • Ce quiz a été pris 272 fois
  • Le résultat moyen est 206 sur 384
Statistiques - réponses
Réponse % Correct
d'
100%
de
99%
à
98%
a
98%
l'
97%
s'
97%
le
95%
Le
95%
m'
91%
c'
90%
Elle
87%
elle
87%
j'
87%
ma
86%
Ma
86%
Kyky
82%
les
82%
Les
82%
Bondy
78%
salaire
78%
mais
77%
Mais
77%
la
76%
La
76%
est
75%
fini
75%
C'est
73%
je
71%
Son
71%
son
71%
et
70%
Et
70%
comme
69%
Bounce
68%
Faut
67%
faut
67%
sont
66%
Ils
65%
ils
65%
sur
65%
barrettes
63%
moi
63%
Moi
63%
bébé
61%
veut
60%
rebondit
59%
jaloux
58%
ta
58%
bitch
57%
sais
57%
dans
56%
avec
55%
des
55%
doigts
54%
j'm'en
53%
bad
51%
ses
51%
Ses
51%
Celine
50%
Céline
50%
jump
50%
mal
49%
planète
49%
sait
49%
j'ai
48%
tenir
47%
aime
46%
ça
46%
comment
46%
en
46%
diabète
45%
deux
44%
ont
44%
boule
42%
déshabille
42%
tellement
42%
Uzi
41%
chambre
39%
Janet
39%
mallettes
39%
bats
38%
bijoux
38%
nez
38%
paillettes
38%
pussy
38%
rentre
38%
sweet
38%
toilettes
38%
j'la
37%
sacs
36%
aux
35%
filer
35%
Gucci
35%
samedis
35%
un
34%
Chanel
33%
rappeur
33%
allume
32%
Galeries
32%
Lafayette
32%
plus
32%
énergie
31%
même
31%
tous
31%
addition
30%
braguette
30%
Devant
30%
Justin
30%
payer
30%
table
30%
titties
30%
palettes
29%
potes
29%
vite
29%
j'aime
28%
jolie
28%
Tes
27%
boujee
26%
J'l'emmène
26%
mains
26%
boys
25%
d'détailler
25%
détale
25%
du
25%
métaux
25%
quand
25%
tout
25%
Laisse
24%
balaises
23%
yeah
23%
maison
22%
mettre
22%
tête
22%
rackette
21%
veulent
21%
Madonna
20%
pas
20%
que
20%
die
19%
tu
19%
wife
19%
cachette
18%
Dion
18%
fait
18%
bêtises
17%
qui
17%
dit
16%
finir
15%
narines
15%
nets
15%
pleines
15%
bails
14%
droit
14%
Mon
14%
presse
14%
seul
14%
vient
14%
apprends
13%
Apprends
13%
Cali'
13%
Car
13%
djos
13%
flex
13%
Lambo'
13%
moyen
13%
pourrait
13%
Future
12%
Italie
12%
mardi
11%
finisses
10%
marijuana
10%
mercredi
9%
jour
8%
lundi
7%
finesse
6%
sors
6%
Daytona
5%
Nautilus
5%
Ih
4%
ih
4%
Scottie
4%
Royale
3%
iels-p
0%
Aucun quiz correspondant
Distribution des résultats
% des personnes avec chaque résultat
Percentile par nombre de réponses
Votre historique - résultats
Vous n’avez pas pris ce quiz